Pandolfo Bereba (Record no. 14412)

MARC details
000 -LÍDER
campo de controle de tamanho fixo 01252 a2200301 4500
001 - NÚMERO DE CONTROLE
campo de controle 14412
020 ## - ISBN - INTERNATIONAL STANDARD BOOK NUMBER
ISBN - International Standard Book Number 9788516065973
020 ## - ISBN - INTERNATIONAL STANDARD BOOK NUMBER
Informação qualificadora (broch.)
041 ## - CÓDIGO DE IDIOMA
Código do idioma do texto/trilha sonora ou título diferente por
082 ## - CDD - CLASSIFICAÇÃO DECIMAL DE DEWEY
Número de Classificação 028.5
040 ## - FONTE DA CATALOGAÇÃO
Instituição da catalogação original BR-BrIDEA
Instituição que transcreveu o registro BR-BrIDEA
090 ## - NÚMERO DE CHAMADA LOCAL
Número de chamada (OCLC) (R); Número de chamada, CALL (RLIN) (NR) A Year 3 028
Número Cutter local (OCLC); Número de classificação do livro, CALL (RLIN) FUR
100 ## - ENTRADA PRINCIPAL--NOME PESSOAL
Nome pessoal Furnari, Eva
250 ## - EDIÇÃO
Edição 2 .ed.
245 10 - TÍTULO
Título Pandolfo Bereba
Indicação de responsabilidade, etc. Eva Furnari; [ilustrações da autora]
260 ## - PUBLICAÇÃO, DISTRIBUIÇÃO, ETC.
Local de publicação, distribuição, etc. São Paulo
Nome do editor, distribuidor, etc. Moderna
Data da publicação, distribuição, etc. 2010
300 ## - DESCRIÇÃO FÍSICA
Extensão [32] p.
Outros detalhes físicos il.
Material de acompanhamento 18,00 X 26,00
490 ## - TÍTULO DA SÉRIE
Título da série Avesso
520 ## - NOTA DE RESUMO, ETC
Resumo, etc. Pandolfo Pereba era o excêntrico e exigente príncipe da Bestolândia, jovem herdeiro de uma família repleta de manias. Ora, a mania pessoal desse príncipe não era lá muito agradável: desde pequeno, Pandolfo não conseguia deixar de procurar todo o tipo de defeitos nos outros. A coisa funcionava assim: primeiro, os senões de determinado sujeito eram cuidadosamente enumerados em uma lista; em seguida, analisados e, por fim, o príncipe concedia uma nota final, irrevogável.
521 ## - NOTA DO PÚBLICO ALVO
Nota de público alvo Year 3
697 ## - ENTRADA DE ASSUNTO LOCAL--ENTIDADE COLETIVA (RLIN)
Nome corporativo ou nome da jurisdição Literatura infantojuvenil
697 ## - ENTRADA DE ASSUNTO LOCAL--ENTIDADE COLETIVA (RLIN)
Nome corporativo ou nome da jurisdição Diferenças individuais - Literatura infantojuvenil.
697 ## - ENTRADA DE ASSUNTO LOCAL--ENTIDADE COLETIVA (RLIN)
Nome corporativo ou nome da jurisdição Ética social
697 ## - ENTRADA DE ASSUNTO LOCAL--ENTIDADE COLETIVA (RLIN)
Nome corporativo ou nome da jurisdição Preconceito.
697 ## - ENTRADA DE ASSUNTO LOCAL--ENTIDADE COLETIVA (RLIN)
Nome corporativo ou nome da jurisdição Tolerância.
856 ## - LOCALIZAÇÃO ELETRÔNICA E ACESSO
Uniform Resource Identifier <a href="000030/000030f3.jpg">000030/000030f3.jpg</a>
942 ## - ELEMENTOS DE ENTRADA ADICIONADOS (KOHA)
Tipo de material Koha Livros
Holdings
Situação do descarte Situação das perdas Situação física Não pode ser emprestado Biblioteca de origem Biblioteca atual Data de aquisição Total de empréstimos Número de chamada completo Código de barras Data de último acesso Data do preço efetivo Tipo de material Koha Fonte da classificação ou esquema de arquivamento na estante Data do último empréstimo
        Colégio Anchieta - Aquarius Colégio Anchieta - Aquarius 21/11/2023   028.5 FUR PAN 6262/AQU 21/11/2023 21/11/2023 Livros    
        Colégio Anchieta - Aquarius Colégio Anchieta - Aquarius 21/11/2023   028.5 FUR PAN 7254/AQU 21/11/2023 21/11/2023 Livros    
        Colégio Anchieta - Bela Vista Colégio Anchieta - Bela Vista 21/11/2023   028.5 F987p FUR PAN 682/BEL 21/11/2023 21/11/2023 Livros    
        Colégio Anchieta - Bela Vista Colégio Anchieta - Bela Vista 21/11/2023   028.5 F987p FUR PAN 689/BEL 21/11/2023 21/11/2023 Livros    
        Colégio São Paulo Colégio São Paulo 21/11/2023   028.5 FUR PAN 3950/ITA 21/11/2023 21/11/2023 Livros    
        Colégio São Paulo Colégio São Paulo 21/11/2023   028.5 FUR PAN 3951/ITA 21/11/2023 21/11/2023 Livros    
        Colégio São Paulo Colégio São Paulo 21/11/2023   028.5 FUR PAN 3952/ITA 21/11/2023 21/11/2023 Livros    
        Colégio São Paulo Colégio São Paulo 21/11/2023   028.5 FUR PAN 5076/ITA 21/11/2023 21/11/2023 Livros    
        Colégio São Paulo Colégio São Paulo 21/11/2023   028.5 FUR PAN 5141/ITA 21/11/2023 21/11/2023 Livros    
        Colégio São Paulo Colégio São Paulo 21/11/2023   028.5 FUR PAN 5142/ITA 21/11/2023 21/11/2023 Livros    
        ECB - ÁGUAS CLARAS ECB - ÁGUAS CLARAS 15/06/2022 1 A Year 3 028 FUR 00058833AGC 21/03/2024 23/01/2024 Livros Classificação Decimal de Dewey 14/03/2024